[Event "XLVIII C.to Italiano"]
[Site "Chianciano Terme ITA"]
[Date "1988.04.??"]
[Round "1"]
[White "Arlandi, Ennio"]
[Black "Vallifuoco, Giacomo"]
[Result "1/2-1/2"]
[WhiteElo "2405"]
[BlackElo "2350"]
[PlyCount "34"]
[EventDate "1988.04.16"]

1. d4 Nf6 2. c4 g6 3. Nc3 d5 4. Nf3 Bg7 5. Bg5 Ne4 6. Bh4 Nxc3 7. bxc3 dxc4 8.
Qa4+ Qd7 9. Qxc4 b6 10. Bg3 Nc6 11. e3 O-O 12. Be2 Bb7 13. O-O Na5 14. Qd3 c5
15. Rfd1 cxd4 16. cxd4 Rac8 17. Rac1 Qa4 1/2-1/2

[Event "XLVIII C.to Italiano"]
[Site "Chianciano Terme ITA"]
[Date "1988.04.??"]
[Round "1"]
[White "Bellia, Fabrizio"]
[Black "Belotti, Bruno"]
[Result "1/2-1/2"]
[WhiteElo "2265"]
[BlackElo "2340"]
[PlyCount "39"]
[EventDate "1988.04.16"]

1. e4 c5 2. Nf3 d6 3. d4 cxd4 4. Nxd4 Nf6 5. Nc3 Nc6 6. Be2 e5 7. Nf3 h6 8. O-O
Be6 9. Re1 g6 10. Bf1 Qd7 11. h3 Bg7 12. Nd5 Bxd5 13. exd5 Ne7 14. c4 O-O 15.
b3 e4 16. Nd4 Nf5 17. Nxf5 Qxf5 18. Be3 Nd7 19. Rc1 b6 20. Qd2 1/2-1/2

[Event "XLVIII C.to Italiano"]
[Site "Chianciano Terme ITA"]
[Date "1988.04.??"]
[Round "1"]
[White "Martorelli, Antonio"]
[Black "Braga, Fernando Alberto"]
[Result "0-1"]
[WhiteElo "2235"]
[BlackElo "2425"]
[PlyCount "160"]
[EventDate "1988.04.16"]

1. e4 Nf6 2. Nc3 d5 3. e5 d4 4. Nce2 Ng4 5. f4 Nc6 6. Nf3 f6 7. h3 Nh6 8. c3
fxe5 9. fxe5 e6 10. Nexd4 Nxd4 11. Nxd4 Qh4+ 12. Ke2 Qe4+ 13. Kf2 Bc5 14. Qh5+
Nf7 15. Qe2 Bxd4+ 16. cxd4 Qxd4+ 17. Qe3 Qd5 18. d4 O-O 19. Kg1 Rd8 20. Be2
Qxd4 21. Qxd4 Rxd4 22. Kf2 Nxe5 23. Be3 Re4 24. Rhc1 Bd7 25. Rxc7 Rf8+ 26. Bf3
Bc6 27. Rd1 Rc4 28. Rd4 Rc2+ 29. Ke1 Nxf3+ 30. gxf3 Rg2 31. Rg4 Rxg4 32. fxg4
Rf3 33. Ke2 Rxh3 34. Bd4 g6 35. g5 a6 36. Re7 Bd5 37. Bf6 Kf8 38. Rd7 Bc6 39.
Re7 h6 40. Rxe6 hxg5 41. Be5 Rh4 42. Kf2 Be4 43. Bg3 Rg4 44. Rd6 Ke7 45. Rd4
Ke6 46. a4 Kf5 47. a5 Rf4+ 48. Bxf4 gxf4 49. Rd8 g5 50. Rf8+ Kg6 51. Rg8+ Kf6
52. Re8 Bd5 53. Rf8+ Ke5 54. Re8+ Be6 55. Kf3 g4+ 56. Kg2 Kd6 57. Rf8 Bd5+ 58.
Kg1 Ke5 59. Re8+ Kd4 60. Re7 Be4 61. Rg7 g3 62. Kf1 Ke3 63. b4 Kd2 64. Re7 Bc6
65. Rg7 Kc3 66. Rg4 Kxb4 67. Rxf4+ Kxa5 68. Ke2 g2 69. Rg4 Kb5 70. Kd3 Kc5 71.
Rg5+ Bd5 72. Kc3 b5 73. Rg7 a5 74. Rc7+ Bc6 75. Rg7 b4+ 76. Kd3 a4 77. Rg4 Bd5
78. Rg7 a3 79. Kc2 b3+ 80. Kc3 b2 0-1

[Event "XLVIII C.to Italiano"]
[Site "Chianciano Terme ITA"]
[Date "1988.04.??"]
[Round "1"]
[White "Tatai, Stefano"]
[Black "Sibilio, Mario"]
[Result "1/2-1/2"]
[WhiteElo "2380"]
[BlackElo "2320"]
[PlyCount "33"]
[EventDate "1988.04.16"]

1. e4 c5 2. Nf3 Nc6 3. d4 cxd4 4. Nxd4 Qb6 5. Nb3 Nf6 6. Nc3 e6 7. Bd3 a6 8.
O-O Be7 9. Kh1 Qc7 10. a4 b6 11. f4 d6 12. Qf3 Rb8 13. Bd2 O-O 14. Qh3 g6 15.
Rae1 Nb4 16. e5 Ne8 17. Ne4 1/2-1/2

[Event "XLVIII C.to Italiano"]
[Site "Chianciano Terme ITA"]
[Date "1988.04.??"]
[Round "1"]
[White "Vezzosi, Paolo"]
[Black "Zichichi, Alvise"]
[Result "1-0"]
[WhiteElo "2270"]
[BlackElo "2350"]
[PlyCount "43"]
[EventDate "1988.04.16"]

1. d4 d5 2. Nf3 c6 3. Bg5 h6 4. Bh4 Qb6 5. b3 Bf5 6. e3 e6 7. Be2 Bb4+ 8. Nfd2
Nd7 9. Bg3 Ngf6 10. O-O Be7 11. c4 h5 12. c5 Qd8 13. Nc3 g5 14. f3 h4 15. Bf2
Qa5 16. Qc1 e5 17. b4 Qxb4 18. Nb3 exd4 19. exd4 Nh5 20. Rd1 Nf4 21. Bf1 Kf8
22. Qb2 1-0

[Event "XLVIII C.to Italiano"]
[Site "Chianciano Terme ITA"]
[Date "1988.04.??"]
[Round "2"]
[White "Belotti, Bruno"]
[Black "Tatai, Stefano"]
[Result "0-1"]
[WhiteElo "2340"]
[BlackElo "2380"]
[PlyCount "70"]
[EventDate "1988.04.16"]

1. d4 Nf6 2. c4 e6 3. Nf3 d5 4. Nc3 Bb4 5. Qa4+ Nc6 6. Bg5 dxc4 7. e4 Bd7 8.
Qc2 h6 9. Bd2 b5 10. Nxb5 Bxd2+ 11. Nxd2 a6 12. Na3 Nxd4 13. Qxc4 Bb5 14. Nxb5
axb5 15. Qc5 Qd6 16. Bxb5+ Ke7 17. Qxd6+ cxd6 18. Bd3 Rhb8 19. Nc4 d5 20. exd5
exd5 21. Ne3 Rxb2 22. O-O Raxa2 23. Rxa2 Rxa2 24. Rd1 Ke6 25. g3 g6 26. Kg2 Ke5
27. Rc1 h5 28. Rc5 Kd6 29. Rc8 Rd2 30. Bb1 Ng4 31. Nxg4 hxg4 32. Rd8+ Ke5 33.
Re8+ Kf6 34. Re1 Nf3 35. Rc1 Ng5 0-1

[Event "XLVIII C.to Italiano"]
[Site "Chianciano Terme ITA"]
[Date "1988.04.??"]
[Round "2"]
[White "Braga, Fernando Alberto"]
[Black "Vallifuoco, Giacomo"]
[Result "1/2-1/2"]
[WhiteElo "2425"]
[BlackElo "2350"]
[PlyCount "29"]
[EventDate "1988.04.16"]

1. e4 c5 2. Nf3 e6 3. d4 cxd4 4. Nxd4 Nf6 5. Nc3 d6 6. Be2 a6 7. O-O Be7 8. a4
Nc6 9. Be3 O-O 10. f4 Qc7 11. Kh1 Re8 12. Bg1 Nxd4 13. Qxd4 e5 14. Qd3 exf4 15.
a5 1/2-1/2

[Event "XLVIII C.to Italiano"]
[Site "Chianciano Terme ITA"]
[Date "1988.04.??"]
[Round "2"]
[White "Godena, Michele"]
[Black "Vezzosi, Paolo"]
[Result "1/2-1/2"]
[WhiteElo "2430"]
[BlackElo "2270"]
[PlyCount "53"]
[EventDate "1988.04.16"]

1. e4 c5 2. Nf3 e6 3. c3 d5 4. exd5 exd5 5. d4 Nc6 6. Be2 c4 7. b3 cxb3 8. axb3
Bd6 9. O-O Nge7 10. Re1 O-O 11. Nbd2 Ng6 12. Nf1 Nce7 13. Ne3 Nf4 14. Bf1 h6
15. Bd2 Be6 16. Ne5 Neg6 17. g3 Bxe5 18. dxe5 Nh3+ 19. Bxh3 Bxh3 20. Qh5 d4 21.
Nf5 Bxf5 22. Qxf5 dxc3 23. Bxc3 Qd5 24. Re3 Rfe8 25. Rae1 Rac8 26. Qb1 Qe6 27.
Bb4 1/2-1/2

[Event "XLVIII C.to Italiano"]
[Site "Chianciano Terme ITA"]
[Date "1988.04.??"]
[Round "2"]
[White "Sibilio, Mario"]
[Black "Arlandi, Ennio"]
[Result "1-0"]
[WhiteElo "2320"]
[BlackElo "2405"]
[PlyCount "85"]
[EventDate "1988.04.16"]

1. e4 c5 2. Nc3 Nc6 3. f4 g6 4. Nf3 Bg7 5. Bc4 d6 6. d3 e6 7. f5 exf5 8. O-O
Nge7 9. Qe1 Ne5 10. Nxe5 dxe5 11. Bg5 f6 12. Be3 b6 13. exf5 Nxf5 14. Bd5 Rb8
15. Bc6+ Bd7 16. Bd5 Qc8 17. Ne4 Qc7 18. Bf2 Bc6 19. Bb3 Kd7 20. a4 a5 21. Bh4
Rbf8 22. Rd1 Kc8 23. Be6+ Bd7 24. Bxd7+ Qxd7 25. Bf2 Qxa4 26. Ra1 Qc6 27. Bxc5
Rd8 28. b4 bxc5 29. Rxa5 Bf8 30. g4 cxb4 31. Kh1 Nd4 32. Rxf6 Qb7 33. Qa1 Nc6
34. Ra8+ Kc7 35. Rf7+ Rd7 36. Raxf8 Rxf8 37. Rxf8 b3 38. Nc5 b2 39. Qb1 Qb4 40.
Na6+ Kd6 41. Nxb4 Nxb4 42. Qxb2 Rb7 43. Qc3 1-0

[Event "XLVIII C.to Italiano"]
[Site "Chianciano Terme ITA"]
[Date "1988.04.??"]
[Round "2"]
[White "Zichichi, Alvise"]
[Black "Bellia, Fabrizio"]
[Result "0-1"]
[WhiteElo "2350"]
[BlackElo "2265"]
[PlyCount "58"]
[EventDate "1988.04.16"]

1. d4 Nf6 2. c4 c6 3. Nc3 d5 4. Nf3 dxc4 5. a4 Bf5 6. e3 e6 7. Bxc4 Bb4 8. O-O
Nbd7 9. Nh4 Bg4 10. f3 Bh5 11. g4 Nd5 12. Ng2 Bg6 13. Na2 Be7 14. e4 N5b6 15.
Bb3 a5 16. Nc3 Bb4 17. Be3 O-O 18. Rc1 Rc8 19. Qe2 c5 20. Rfd1 cxd4 21. Bxd4
Qe7 22. Bxb6 Nxb6 23. Nb5 Rfd8 24. Rxc8 Rxc8 25. h4 h5 26. g5 Qc5+ 27. Kh1 Qe5
28. Qf2 Bc5 29. Qd2 Qg3 0-1

[Event "XLVIII C.to Italiano"]
[Site "Chianciano Terme ITA"]
[Date "1988.04.??"]
[Round "3"]
[White "Arlandi, Ennio"]
[Black "Belotti, Bruno"]
[Result "1-0"]
[WhiteElo "2405"]
[BlackElo "2340"]
[PlyCount "59"]
[EventDate "1988.04.16"]

1. d4 Nf6 2. c4 c5 3. d5 b5 4. cxb5 a6 5. bxa6 Bxa6 6. Nc3 d6 7. e4 Bxf1 8.
Kxf1 g6 9. Nf3 Bg7 10. h3 O-O 11. Kg1 Nbd7 12. Kh2 Qb6 13. Re1 Ne8 14. Re2 Nc7
15. Bg5 Rfe8 16. Rc1 Ra7 17. b3 Kf8 18. Qd2 Qb4 19. Bh6 Rb8 20. e5 Nxe5 21.
Nxe5 dxe5 22. Rxe5 Ne8 23. Re4 Qb7 24. Rh4 Qc7+ 25. Kg1 Kg8 26. Bxg7 Nxg7 27.
Na4 Ra5 28. Rhc4 Rbb5 29. Qc2 Qd6 30. Nxc5 1-0

[Event "XLVIII C.to Italiano"]
[Site "Chianciano Terme ITA"]
[Date "1988.04.??"]
[Round "3"]
[White "Bellia, Fabrizio"]
[Black "Godena, Michele"]
[Result "0-1"]
[WhiteElo "2265"]
[BlackElo "2430"]
[PlyCount "80"]
[EventDate "1988.04.16"]

1. e4 e5 2. Nf3 Nc6 3. Bb5 Nf6 4. Bxc6 bxc6 5. d3 d6 6. O-O g6 7. Re1 Bg7 8. d4
Nd7 9. Bg5 f6 10. Be3 O-O 11. Nc3 Bb7 12. Qd2 Qe7 13. Rad1 Rae8 14. b3 a6 15.
a4 Qf7 16. a5 exd4 17. Nxd4 c5 18. Nde2 Bxe4 19. Nxe4 Rxe4 20. Qd3 f5 21. Qxa6
f4 22. Nxf4 Rxf4 23. Bxf4 Qxf4 24. Re2 Be5 25. g3 Qg4 26. Qd3 Bd4 27. Rf1 Ne5
28. Rxe5 Bxe5 29. Qd5+ Kg7 30. a6 Qf3 31. Qe6 Bd4 32. Qe7+ Kh8 33. Qe1 h5 34.
a7 Kg7 35. Qe7+ Rf7 36. Qe1 c4 37. bxc4 c5 38. c3 Be5 39. Qa1 Qa8 40. Rb1 Rxa7
0-1

[Event "XLVIII C.to Italiano"]
[Site "Chianciano Terme ITA"]
[Date "1988.04.??"]
[Round "3"]
[White "Tatai, Stefano"]
[Black "Zichichi, Alvise"]
[Result "0-1"]
[WhiteElo "2380"]
[BlackElo "2350"]
[PlyCount "100"]
[EventDate "1988.04.16"]

1. e4 c5 2. Nf3 e6 3. d4 cxd4 4. Nxd4 a6 5. Nc3 Qc7 6. g3 b5 7. Bg2 Bb7 8. O-O
Nf6 9. Re1 d6 10. a4 bxa4 11. Nd5 Nxd5 12. exd5 e5 13. Rxa4 Be7 14. Nc6 O-O 15.
Bd2 f5 16. Ba5 Qd7 17. Rc4 Bf6 18. Qd2 Rc8 19. b3 e4 20. Nxb8 Raxb8 21. Rxc8+
Bxc8 22. f3 Qa7+ 23. Kh1 exf3 24. Bxf3 Bd7 25. Kg2 Qc5 26. Be2 Re8 27. Bb4 Bg5
28. Qc3 Qxc3 29. Bxc3 Rc8 30. Bc4 Bb5 31. Bb4 Bxc4 32. bxc4 Rxc4 33. Bxd6 Rxc2+
34. Kf3 Rc3+ 35. Kg2 Rd3 36. Re8+ Kf7 37. Rf8+ Kg6 38. h4 Rxd5 39. Bb4 a5 40.
Bc3 Be7 41. Ra8 Bb4 42. Bxb4 axb4 43. Rb8 Rd4 44. Rb6+ Kf7 45. Rb7+ Kf6 46.
Rb6+ Ke5 47. Rb7 Rg4 48. Kf3 h5 49. Rb5+ Ke6 50. Rb6+ Kd7 0-1

[Event "XLVIII C.to Italiano"]
[Site "Chianciano Terme ITA"]
[Date "1988.04.??"]
[Round "3"]
[White "Vallifuoco, Giacomo"]
[Black "Sibilio, Mario"]
[Result "1/2-1/2"]
[WhiteElo "2350"]
[BlackElo "2320"]
[PlyCount "73"]
[EventDate "1988.04.16"]

1. d4 d5 2. c4 Nc6 3. Nf3 e5 4. dxe5 Bb4+ 5. Bd2 dxc4 6. e3 Be6 7. Qc2 Qd5 8.
Nc3 Bxc3 9. Qxc3 Nge7 10. Rc1 b5 11. b3 cxb3 12. axb3 a6 13. b4 O-O 14. Be2
Rfd8 15. Qc5 Qe4 16. Qc2 Qg4 17. e4 Bc4 18. Bxc4 bxc4 19. O-O Rd3 20. Be3 Qxe4
21. Qxc4 Qxc4 22. Rxc4 Rb8 23. Bg5 Rd7 24. Bxe7 Nxe7 25. g3 h6 26. Nd4 Rb6 27.
Rfc1 Nd5 28. Nc6 Ne7 29. Nxe7+ Rxe7 30. f4 g5 31. Kf2 f6 32. Rxc7 Rxc7 33. Rxc7
gxf4 34. gxf4 fxe5 35. fxe5 Rxb4 36. Ke3 a5 37. Ra7 1/2-1/2

[Event "XLVIII C.to Italiano"]
[Site "Chianciano Terme ITA"]
[Date "1988.04.??"]
[Round "3"]
[White "Vezzosi, Paolo"]
[Black "Martorelli, Antonio"]
[Result "1-0"]
[WhiteElo "2270"]
[BlackElo "2235"]
[PlyCount "117"]
[EventDate "1988.04.16"]

1. d4 Nf6 2. Nf3 d5 3. g3 Bf5 4. Bg2 e6 5. O-O Be7 6. c4 dxc4 7. Nbd2 O-O 8.
Nh4 Nc6 9. Nxf5 exf5 10. e3 Na5 11. Qa4 c6 12. b4 c3 13. Nb1 Nc4 14. Nxc3 a6
15. Qb3 Nd6 16. Na4 a5 17. bxa5 Qxa5 18. Nc5 Rfb8 19. Qc2 g6 20. Bd2 Qd8 21.
Rfc1 Nde8 22. Nd3 Ba3 23. Rcb1 Nd6 24. Rb3 Nde4 25. Be1 Qe8 26. Ne5 Bd6 27. Nd3
Ra6 28. Bb4 Bxb4 29. Nxb4 Ra4 30. Nxc6 bxc6 31. Rxb8 Qxb8 32. Qxa4 Qb2 33. Rf1
Nd2 34. Qa6 Nxf1 35. Bxf1 Ne4 36. Qe2 Qa1 37. Kg2 Nc3 38. Qc4 Nxa2 39. Qxc6 Nc3
40. Bc4 Kg7 41. Qb7 Qb1 42. Qxf7+ Kh6 43. Qf8+ Kh5 44. Qe7 Kh6 45. Bg8 Qe4+ 46.
Qxe4 fxe4 47. f3 Nd1 48. fxe4 Nxe3+ 49. Kf2 Nc2 50. d5 Kg7 51. d6 Nb4 52. d7
Nc6 53. Bd5 Nd8 54. e5 Kf8 55. Ke3 Ke7 56. e6 Kd6 57. Kd4 h6 58. h3 g5 59. g4
1-0

[Event "XLVIII C.to Italiano"]
[Site "Chianciano Terme ITA"]
[Date "1988.04.??"]
[Round "4"]
[White "Belotti, Bruno"]
[Black "Vallifuoco, Giacomo"]
[Result "0-1"]
[WhiteElo "2340"]
[BlackElo "2350"]
[PlyCount "72"]
[EventDate "1988.04.16"]

1. e4 c5 2. Nf3 e6 3. d4 cxd4 4. Nxd4 Nf6 5. Nc3 d6 6. g4 Be7 7. g5 Nfd7 8. Rg1
Nc6 9. Be3 O-O 10. Qd2 Nb6 11. O-O-O d5 12. exd5 exd5 13. h4 Ne5 14. Rg3 Re8
15. Nb3 Be6 16. Bxb6 axb6 17. Nxd5 Rxa2 18. Qf4 Ng6 19. Qe4 Bxd5 20. Rxd5 Qa8
21. Qc4 Ra1+ 22. Kd2 Ra4 23. Qc7 Rxh4 24. Bb5 Rd8 25. Rgd3 Rxd5 26. Rxd5 Rg4
27. Qxb6 Bxg5+ 28. Kc3 Bf6+ 29. Kd2 h5 30. Bd7 Rg5 31. Rc5 Qa2 32. Qxb7 Qxb2
33. Bf5 Nf8 34. f4 Rg3 35. Rc7 Bc3+ 36. Ke2 Qb1 0-1

[Event "XLVIII C.to Italiano"]
[Site "Chianciano Terme ITA"]
[Date "1988.04.??"]
[Round "4"]
[White "Braga, Fernando Alberto"]
[Black "Sibilio, Mario"]
[Result "1-0"]
[WhiteElo "2425"]
[BlackElo "2320"]
[PlyCount "117"]
[EventDate "1988.04.16"]

1. d4 Nf6 2. Nf3 g6 3. c4 Bg7 4. Nc3 d6 5. e4 O-O 6. Be2 Nbd7 7. O-O e5 8. Re1
exd4 9. Nxd4 Re8 10. Bf1 Ne5 11. h3 Nc6 12. Nc2 h6 13. Bd2 a6 14. Rb1 b6 15. g3
Bb7 16. Bg2 Nd7 17. Nd5 Nce5 18. Bc3 b5 19. b3 c6 20. Nf4 Nc5 21. Bb4 Qc7 22.
Ne3 bxc4 23. bxc4 a5 24. Ba3 Ba6 25. Qc2 Rab8 26. Rbd1 Bc8 27. Re2 Ned7 28.
Red2 Bf8 29. Kh2 Nf6 30. Rd4 h5 31. h4 Nfd7 32. Ne2 Ne5 33. Nf4 Ned7 34. R4d2
Nf6 35. Rd4 Nfd7 36. Nh3 Ne5 37. Ng5 f6 38. Nh3 Bxh3 39. Kxh3 Rbd8 40. Kh2 Nf7
41. e5 Nxe5 42. Bxc5 dxc5 43. Rxd8 Rxd8 44. Rxd8 Qxd8 45. f4 Nd3 46. Bf1 Nxf4
47. gxf4 f5 48. Ng2 Be7 49. Kh3 Qd4 50. Be2 Qf2 51. Qd3 Kf8 52. Qe3 Bxh4 53.
Qxf2 Bxf2 54. Bf3 Ke7 55. Bxc6 Kf6 56. Bf3 h4 57. Nxh4 g5 58. Ng2 g4+ 59. Bxg4
1-0

[Event "XLVIII C.to Italiano"]
[Site "Chianciano Terme ITA"]
[Date "1988.04.??"]
[Round "4"]
[White "Godena, Michele"]
[Black "Tatai, Stefano"]
[Result "1-0"]
[WhiteElo "2430"]
[BlackElo "2380"]
[PlyCount "41"]
[EventDate "1988.04.16"]

1. e4 c5 2. c3 d5 3. exd5 Qxd5 4. d4 e6 5. Nf3 Nf6 6. Na3 Nc6 7. Be2 Qd8 8. Nc2
Be7 9. O-O O-O 10. dxc5 Bxc5 11. Bg5 b6 12. Bd3 Bb7 13. Qe2 Be7 14. Rad1 Qc7
15. Rfe1 Rad8 16. Ncd4 Nxd4 17. Nxd4 Nd5 18. Nxe6 fxe6 19. Qxe6+ Rf7 20. Bxe7
Qxe7 21. Qh3 1-0

[Event "XLVIII C.to Italiano"]
[Site "Chianciano Terme ITA"]
[Date "1988.04.??"]
[Round "4"]
[White "Martorelli, Antonio"]
[Black "Bellia, Fabrizio"]
[Result "1-0"]
[WhiteElo "2235"]
[BlackElo "2265"]
[PlyCount "87"]
[EventDate "1988.04.16"]

1. e4 e5 2. Nf3 Nc6 3. Bb5 a6 4. Bxc6 dxc6 5. Nc3 Qd6 6. d4 exd4 7. Qxd4 Bg4 8.
Be3 Bxf3 9. gxf3 Qxd4 10. Bxd4 O-O-O 11. Rd1 f6 12. Rg1 Rd7 13. f4 Nh6 14. Ne2
Rg8 15. f5 Bd6 16. h4 Re8 17. f3 Rde7 18. Rg2 b5 19. Kf1 Rd7 20. Bf2 Red8 21.
Be3 Ng8 22. Nc1 Ne7 23. Nb3 g6 24. fxg6 Nxg6 25. h5 Ne5 26. Ke2 Nc4 27. Bc1 a5
28. Rdg1 a4 29. Nd4 Kb7 30. Rg8 Rxg8 31. Rxg8 Be5 32. Ne6 Kb6 33. b3 axb3 34.
axb3 Re7 35. Ng7 Nd6 36. Be3+ Kb7 37. h6 f5 38. f4 Bc3 39. e5 Nf7 40. Nxf5 Re6
41. Kd3 Bxe5 42. fxe5 Rxe5 43. Nd4 Rh5 44. Rg7 1-0

[Event "XLVIII C.to Italiano"]
[Site "Chianciano Terme ITA"]
[Date "1988.04.??"]
[Round "4"]
[White "Zichichi, Alvise"]
[Black "Arlandi, Ennio"]
[Result "1/2-1/2"]
[WhiteElo "2350"]
[BlackElo "2405"]
[PlyCount "82"]
[EventDate "1988.04.16"]

1. d4 Nf6 2. Nf3 e6 3. Bg5 h6 4. Bxf6 Qxf6 5. e4 d6 6. Nc3 Nd7 7. Qd2 c6 8.
O-O-O Be7 9. Qe3 e5 10. g3 O-O 11. Bh3 Nb6 12. Bxc8 Rfxc8 13. Qe2 Bf8 14. h4
Re8 15. Rhe1 a6 16. d5 c5 17. Nh2 Nd7 18. Ng4 Qd8 19. Ne3 b5 20. Rh1 c4 21. g4
g6 22. a3 Rb8 23. h5 g5 24. Kd2 Nc5 25. Nf5 a5 26. Ra1 Qb6 27. Rhb1 Rec8 28.
Ke1 Qb7 29. Kf1 Qd7 30. Kg2 Rb7 31. f3 b4 32. axb4 axb4 33. Nd1 b3 34. c3 Nd3
35. Kh2 Ra7 36. Nfe3 Nf4 37. Qf1 Ra4 38. Qe1 Nd3 39. Qf1 Nf4 40. Nf2 Ra2 41.
Nxc4 Qa7 1/2-1/2

[Event "XLVIII C.to Italiano"]
[Site "Chianciano Terme ITA"]
[Date "1988.04.??"]
[Round "5"]
[White "Arlandi, Ennio"]
[Black "Godena, Michele"]
[Result "1/2-1/2"]
[WhiteElo "2405"]
[BlackElo "2430"]
[PlyCount "56"]
[EventDate "1988.04.16"]

1. d4 e6 2. c4 Nf6 3. Nc3 c5 4. d5 exd5 5. cxd5 d6 6. Nf3 g6 7. g3 Bg7 8. Bg2
O-O 9. O-O Re8 10. Re1 a6 11. a4 Nbd7 12. Bf4 Nh5 13. Bg5 Qc7 14. Qc1 Rb8 15.
Bh6 b5 16. Bxg7 Kxg7 17. axb5 axb5 18. b3 Nhf6 19. Nd2 b4 20. Nd1 Bb7 21. Qb2
Kg8 22. Ne3 Rxe3 23. fxe3 Bxd5 24. e4 Be6 25. Qa2 Ne5 26. Qa7 Rb7 27. Qa8+ Kg7
28. Qa5 Qe7 1/2-1/2

[Event "XLVIII C.to Italiano"]
[Site "Chianciano Terme ITA"]
[Date "1988.04.??"]
[Round "5"]
[White "Sibilio, Mario"]
[Black "Belotti, Bruno"]
[Result "0-1"]
[WhiteElo "2320"]
[BlackElo "2340"]
[PlyCount "46"]
[EventDate "1988.04.16"]

1. e4 c6 2. d4 d5 3. e5 Bf5 4. c4 e6 5. Nc3 Ne7 6. Nf3 Bg4 7. cxd5 cxd5 8. Be2
Nbc6 9. Be3 Nf5 10. Qd2 Bxf3 11. Bxf3 Nh4 12. Qe2 Qb6 13. O-O Nxf3+ 14. Qxf3
Qxb2 15. Ne2 Qc2 16. Rab1 Ba3 17. Rxb7 O-O 18. Bc1 Bxc1 19. Rxc1 Qa4 20. Qb3
Qxb3 21. axb3 Rfc8 22. Rc5 Nxd4 23. Rxa7 Nxe2+ 0-1

[Event "XLVIII C.to Italiano"]
[Site "Chianciano Terme ITA"]
[Date "1988.04.??"]
[Round "5"]
[White "Tatai, Stefano"]
[Black "Martorelli, Antonio"]
[Result "1/2-1/2"]
[WhiteElo "2380"]
[BlackElo "2235"]
[PlyCount "47"]
[EventDate "1988.04.16"]

1. e4 c5 2. Nf3 e6 3. d4 cxd4 4. Nxd4 a6 5. Nc3 Qc7 6. g3 Nf6 7. Bg2 Be7 8. O-O
O-O 9. Qe2 d6 10. Be3 Nc6 11. Rad1 Bd7 12. h3 b5 13. a3 Rab8 14. Na2 Nxd4 15.
Bxd4 e5 16. Bc3 Be6 17. Nb4 Bc4 18. Nd3 a5 19. Qd2 Qb7 20. Rfe1 b4 21. axb4
Bxd3 22. Qxd3 axb4 23. Bd2 Rfc8 24. Ra1 1/2-1/2

[Event "XLVIII C.to Italiano"]
[Site "Chianciano Terme ITA"]
[Date "1988.04.??"]
[Round "5"]
[White "Vallifuoco, Giacomo"]
[Black "Zichichi, Alvise"]
[Result "1-0"]
[WhiteElo "2350"]
[BlackElo "2350"]
[PlyCount "47"]
[EventDate "1988.04.16"]

1. d4 d5 2. c4 Bf5 3. Nf3 e6 4. Nc3 c6 5. Qb3 Qb6 6. c5 Qxb3 7. axb3 Na6 8. Bf4
f6 9. e3 Nb4 10. Kd2 e5 11. Bg3 h5 12. h4 g6 13. Na4 Nc2 14. Rc1 Nb4 15. dxe5
Bg7 16. e6 Bxe6 17. Nd4 Kf7 18. Ra1 Ne7 19. Kc3 a5 20. Nb6 Ra7 21. Bd3 Nxd3 22.
Kxd3 Ra6 23. b4 axb4 24. Rxa6 1-0

[Event "XLVIII C.to Italiano"]
[Site "Chianciano Terme ITA"]
[Date "1988.04.??"]
[Round "5"]
[White "Vezzosi, Paolo"]
[Black "Braga, Fernando Alberto"]
[Result "1/2-1/2"]
[WhiteElo "2270"]
[BlackElo "2425"]
[PlyCount "28"]
[EventDate "1988.04.16"]

1. d4 d5 2. Nf3 Nf6 3. c4 c6 4. e3 e6 5. Nbd2 Nbd7 6. Bd3 Bd6 7. O-O O-O 8. e4
dxe4 9. Nxe4 Nxe4 10. Bxe4 h6 11. Re1 e5 12. Bc2 exd4 13. Qxd4 Bc5 14. Qf4 Nf6
1/2-1/2

[Event "XLVIII C.to Italiano"]
[Site "Chianciano Terme ITA"]
[Date "1988.04.??"]
[Round "6"]
[White "Braga, Fernando Alberto"]
[Black "Belotti, Bruno"]
[Result "1-0"]
[WhiteElo "2425"]
[BlackElo "2340"]
[PlyCount "107"]
[EventDate "1988.04.16"]

1. d4 Nf6 2. Nf3 e6 3. c4 d5 4. Nc3 c5 5. cxd5 Nxd5 6. e4 Nxc3 7. bxc3 cxd4 8.
cxd4 Nc6 9. Be2 Bb4+ 10. Bd2 Qa5 11. Rb1 Bxd2+ 12. Qxd2 Qxd2+ 13. Kxd2 Ke7 14.
Rhc1 Rd8 15. Ke3 Na5 16. Ne5 f6 17. Rc7+ Kd6 18. Rbc1 Nc6 19. R7xc6+ bxc6 20.
Nf7+ Ke7 21. Nxd8 Kxd8 22. Rxc6 Rb8 23. Rc3 Bd7 24. Ra3 Rb7 25. Bc4 Ke7 26. h4
Rc7 27. Kd3 Rb7 28. Rb3 Rxb3+ 29. Bxb3 Kd6 30. f4 Bc8 31. e5+ fxe5 32. fxe5+
Kc7 33. Kc4 Bb7 34. Kc5 Kd7 35. Ba4+ Kc7 36. g3 h6 37. Bb5 Bf3 38. a4 Bb7 39.
a5 Bf3 40. Bc4 Kd7 41. d5 exd5 42. Bxd5 Be2 43. e6+ Ke7 44. Kc6 g5 45. Bb3 gxh4
46. gxh4 Bf3+ 47. Kc7 Be2 48. Kb7 a6 49. Kc6 Bd3 50. Bd5 Be2 51. Kb6 Kd6 52.
Bb7 Bc4 53. Bxa6 Bxe6 54. Bb5 1-0

[Event "XLVIII C.to Italiano"]
[Site "Chianciano Terme ITA"]
[Date "1988.04.??"]
[Round "6"]
[White "Godena, Michele"]
[Black "Vallifuoco, Giacomo"]
[Result "1/2-1/2"]
[WhiteElo "2430"]
[BlackElo "2350"]
[PlyCount "94"]
[EventDate "1988.04.16"]

1. e4 c5 2. c3 d5 3. exd5 Qxd5 4. d4 Nf6 5. Nf3 Nc6 6. Be2 e6 7. Na3 Be7 8. Nb5
Qd7 9. dxc5 Bxc5 10. Qxd7+ Kxd7 11. Bf4 Nd5 12. O-O-O Ke7 13. Bg3 a6 14. Nbd4
Rd8 15. Nxc6+ bxc6 16. c4 Nf6 17. Rxd8 Kxd8 18. Rd1+ Ke8 19. Ne5 Nd7 20. Bf3
Nxe5 21. Bxe5 Bd7 22. Bxg7 Bxf2 23. Bf6 h6 24. Bh5 Ra7 25. Rd3 c5 26. Rf3 Bg1
27. Bxf7+ Kf8 28. Bg6 Bc6 29. Rh3 Rd7 30. Kc2 Bd4 31. Bxd4 cxd4 32. Rg3 Rg7 33.
Kd3 e5 34. Be4 Bxe4+ 35. Kxe4 Rxg3 36. hxg3 a5 37. b3 Ke7 38. a3 Kd6 39. b4
axb4 40. axb4 Kc6 41. g4 Kb6 42. c5+ Kc6 43. g3 Kb5 44. Kd3 Kc6 45. Kc4 Kc7 46.
b5 Kd7 47. b6 Kc6 1/2-1/2

[Event "XLVIII C.to Italiano"]
[Site "Chianciano Terme ITA"]
[Date "1988.04.??"]
[Round "6"]
[White "Martorelli, Antonio"]
[Black "Arlandi, Ennio"]
[Result "0-1"]
[WhiteElo "2235"]
[BlackElo "2405"]
[PlyCount "80"]
[EventDate "1988.04.16"]

1. c4 e6 2. Nc3 d5 3. d4 Bb4 4. e3 Nf6 5. Bd3 c5 6. cxd5 Nxd5 7. Nge2 cxd4 8.
exd4 O-O 9. O-O Nc6 10. Bc4 Nxc3 11. bxc3 Bd6 12. Ng3 Ne7 13. Ne4 Bxh2+ 14.
Kxh2 Qc7+ 15. g3 Qxc4 16. Ba3 Qc7 17. Rh1 f5 18. Ng5 Rf6 19. Kg2 h6 20. Nf3 b6
21. Ne5 Bb7+ 22. f3 Nd5 23. Re1 Qxc3 24. Qa4 Qd2+ 25. Kh3 Ne3 26. Rxe3 Qxe3 27.
Be7 Bxf3 28. Bxf6 Bg4+ 29. Kg2 Qe4+ 30. Kf2 Rc8 31. Kg1 Bh3 32. Kf2 Rc2+ 33.
Qxc2 Qxc2+ 34. Ke3 Qc3+ 35. Nd3 Qxa1 36. Be5 Bg4 37. Nf4 Qe1+ 38. Kd3 Qxg3+ 39.
Kc4 Qf3 40. Kb5 Qb7 0-1

[Event "XLVIII C.to Italiano"]
[Site "Chianciano Terme ITA"]
[Date "1988.04.??"]
[Round "6"]
[White "Vezzosi, Paolo"]
[Black "Bellia, Fabrizio"]
[Result "1-0"]
[WhiteElo "2270"]
[BlackElo "2265"]
[PlyCount "67"]
[EventDate "1988.04.16"]

1. d4 d5 2. Nf3 Nf6 3. c4 c6 4. e3 g6 5. Be2 Bg7 6. O-O O-O 7. Nc3 Nbd7 8. cxd5
Nxd5 9. e4 Nxc3 10. bxc3 c5 11. Bf4 b6 12. Qd3 Bb7 13. d5 c4 14. Qe3 Qc8 15.
Bh6 Bxh6 16. Qxh6 f6 17. Rfe1 b5 18. Nd4 Nc5 19. Bd1 a6 20. Re3 e5 21. dxe6 Qc7
22. Bc2 Rae8 23. f4 Nxe6 24. Nxe6 Rxe6 25. f5 gxf5 26. Rg3+ Qxg3 27. hxg3 fxe4
28. Rf1 Bc6 29. Rf4 Rf7 30. Rg4+ Kh8 31. Kf1 Bd5 32. Qd2 f5 33. Qd4+ Ref6 34.
Rf4 1-0

[Event "XLVIII C.to Italiano"]
[Site "Chianciano Terme ITA"]
[Date "1988.04.??"]
[Round "6"]
[White "Zichichi, Alvise"]
[Black "Sibilio, Mario"]
[Result "1/2-1/2"]
[WhiteElo "2350"]
[BlackElo "2320"]
[PlyCount "32"]
[EventDate "1988.04.16"]

1. d4 Nf6 2. Nf3 e6 3. e3 c5 4. Bd3 a6 5. O-O Nc6 6. a3 d5 7. b3 b5 8. Bb2 c4
9. Be2 Be7 10. Ne5 Bb7 11. f4 Rc8 12. Nc3 O-O 13. Bf3 cxb3 14. cxb3 Na5 15. Nd3
Ne4 16. Na2 Bd6 1/2-1/2